Schnelle Mathematik - Potenzrechnen Level 16 - Statistiken

Allgemein
  • Dieses Quiz wurde 45 mal gespielt
  • Das Durchschnittsergebnis liegt bei 12 aus 20
Antwortstatistiken
Zahl Ergebnis % Korrekt
10³ 1000
100%
10⁷ 10000000
100%
2²⁰ 1048576
100%
11³ 1331
100%
12² 144
100%
3¹³ 1594323
100%
2¹⁴ 16384
100%
4⁷ 16384
100%
7⁵ 16807
100%
12³ 1728
100%
11⁶ 1771561
100%
5⁹ 1953125
100%
14² 196
100%
3⁹ 19683
100%
2²¹ 2097152
100%
15² 225
100%
14³ 2744
100%
2¹⁵ 32768
100%
5⁸ 390625
100%
4⁶ 4096
100%
2¹⁹ 524288
100%
4⁸ 65536
100%
2¹³ 8192
100%
8⁴ 4096
67%
9⁷ 4782969
67%
512
67%
729
67%
5⁵ 3125
60%
2¹⁰ 1024
50%
4¹⁰ 1048576
50%
7⁶ 117649
50%
6⁴ 1296
50%
11⁴ 14641
50%
5⁶ 15625
50%
13² 169
50%
3⁷ 2187
50%
12⁵ 248832
50%
2¹⁸ 262144
50%
343
50%
2¹² 4096
50%
6⁶ 46656
50%
3⁸ 6561
50%
5⁷ 78125
50%
13⁴ 28561
33%
3¹⁰ 59049
33%
6⁵ 7776
33%
10⁴ 10000
0%
10⁵ 100000
0%
10⁶ 1000000
0%
4⁵ 1024
0%
2¹⁷ 131072
0%
11⁵ 161051
0%
3¹¹ 177147
0%
2¹¹ 2048
0%
12⁴ 20736
0%
8⁷ 2097152
0%
216
0%
13³ 2197
0%
7⁴ 2401
0%
4⁹ 262144
0%
8⁶ 262144
0%
6⁷ 279936
0%
8⁵ 32768
0%
3¹⁴ 4782969
0%
3¹² 531441
0%
9⁶ 531441
0%
9⁵ 59049
0%
2¹⁶ 65536
0%
9⁴ 6561
0%
7⁷ 823543
0%
5¹⁰ 9765625
0%
Keine übereinstimmenden Quizze gefunden
Verteilung der Resultate
Anzahl Personen mit jedem Resultat
Perzentil nach korrekt beantworteten Fragen
Ihre Resultats-Entwicklung
Sie haben dieses Quiz noch nicht gespielt